| 000 | 00587nam a2200145Ia 4500 | ||
|---|---|---|---|
| 005 | 20260209120145.0 | ||
| 008 | 260209s9999||||xx |||||||||||||| ||und|| | ||
| 100 | _aB B Mrinal Kuttappa | ||
| 245 | 4 | _aThe sustainable harvest of wildlife in India : a comparative analysis | |
| 260 |
_aBangaloreBangalore _bNLSIU, Bangalore _c2022 |
||
| 300 | _a50 p. ; 25 cm. | ||
| 505 | _aLandowners Man-animal Conflict Sustainable Harvest Wildlife Conservation | ||
| 700 | _aProf. Dr. Sairam Bhat - SupervisorProf. Dr. Sairam Bhat - Supervisor | ||
| 856 | _uhttps://dans.nls.ac.in/handle/123456789/1138 | ||
| 999 |
_c217537 _d217537 |
||